000 00949nam a22002657a 4500
999 _c65976
_d65976
005 20240530110852.0
008 201102s2019 ua a g b 000 0dara d
017 _a2018/21359
_bمصر. دار الكتب
020 _a9789773194499
040 _aEG-CaGPL
_cEG-CaGPL
082 0 4 _221
_a302.234/
_bإ إ
100 0 _aابراهيم حمد عليان
245 1 2 _aالاعلام الالكترونى وحقوق الانسان /
_cابراهيم حمد عليان
250 _aط.1
260 _aالقاهرة :
_bالعربى للنشر و التوزيع،
_c2019
300 _a288 ص. ؛
_c24 سم.
504 _aيشتمل على ارجاعات ببليوجرافية
650 0 7 _2qrmak
_aوسائل الاعلام
650 0 7 _2qrmak
_aالانترنت
650 0 7 _2qrmak
_aحقوق الانسان
650 0 7 _aالاعلام
_2qrmak
651 _2qrmak
942 _2ddc
_cBK